000 01002nam a22002297a 4500
005 20260324133440.0
008 260107b |||||||| |||| 00| 0 eng d
041 _aeng
082 _a891.43
_bRAI
100 _aRai, Anchal Kumari.
_4SL
242 _aRural life depicted in the novels of Phaniswarnath Renu and Mahim Bora : a comparative study
245 _aफणीश्वरनाथ रेणु और महिम बरा के उपन्यासों में चित्रित ग्राम्य जीवन :
_bएक तुलनात्मक अध्ययन
260 _c2025.
_eHIN
300 _avi ; 210p.
650 _aHindi literature
650 _aLiterary Theory and Criticism
650 _aHindi fiction
700 _aMalakar, Kusum Kunja.
_4GD
856 _uhttps://shodhganga.inflibnet.ac.in/handle/10603/673719
942 _cTHS
999 _c67700
_d67700